Click the Eurovision Winner Song Title Ending - Statistics

General Stats
  • This quiz has been taken 72 times
  • The average score is 19 of 24
Answer Stats
Hint Answer % Correct
La, La, La
95%
Rise Like a Phoenix
93%
Ding-a- Dong
91%
Zitti e Buoni
88%
Love Shine a Light
88%
My Number One
88%
In Your Eyes
84%
Everyway That I Can
82%
Take Me to Your Heaven
82%
Making Your Mind Up
82%
Wasted Love
81%
Hard Rock Hallelujah
79%
Hold Me Now
79%
What's Another Year?
79%
Un Premier Amour
77%
The Code
74%
Amar Pelos Dois
74%
Wild Dances
70%
Running Scared
70%
I Wanna
70%
Rock Me
68%
Un Jour, Un Enfant
61%
Only Teardrops
61%
Poupée de Cire, Poupée de Son
51%
No matching quizzes found
Score Distribution
Percent of People with Each Score
Percentile by Number Answered
Your Score History
You have not taken this quiz